| 000 | 00493nam a22001457a 4500 | ||
|---|---|---|---|
| 005 | 20150416140827.0 | ||
| 008 | 150416b xxu||||| |||| 00| 0 eng d | ||
| 040 | _cPK-LaUMT | ||
| 082 |
_aKHC R 891.55391439 _bSAL-M |
||
| 100 | _aسلیم مظہر، محمد | ||
| 245 |
_aمصدر نامہ و لغت نامھ فارسی _cمحمد سلیم مظہر، نجم الرشید، محمد صابر |
||
| 260 |
_aلاہور _bاورینٹل پبلیکیشنز _c2006 |
||
| 300 | _a215 ص | ||
| 942 | _cBK | ||
| 999 |
_c69986 _d69986 |
||